00423nam a2200121Ia 4500008004100000024004800041082001700089100006400106245004000170260002600210600003200236650003300268260210s9999 xx 000 0 und d a07B-004-CE, 07B-007-CE & 07A-007-CE a629.8072 YOU aM. Arsalan Younous, K. S. M. Tariq Zafar & Qurat-Ul-Ain 0aBiometric Attendance Control System aKarachi:bUITU,c2007 aComputer System Engineering aBachelor of Engineering (BE)